| 000 | 00376nam a2200145Ia 4500 | ||
|---|---|---|---|
| 008 | 230312s9999||||xx |||||||||||||| ||und|| | ||
| 020 | _a0-86037-214-6 | ||
| 082 |
_a330.91767 _bISL |
||
| 245 | 0 | _aIslamic Economics | |
| 260 |
_bThe Islamic Foundation _aKenya |
||
| 300 | _a250 | ||
| 546 | _aEng. | ||
| 650 |
_aEconomics _vGeneral Economics; Theory;History systems |
||
| 942 | _cBK | ||
| 999 |
_c4502 _d4502 |
||